| 000 | 00650nam a2200217 a 4500 | ||
|---|---|---|---|
| 005 | 20250116063825.0 | ||
| 008 | 991125m19771986mx 000 0 spa u | ||
| 020 | _a9682703190 | ||
| 035 | _aUPN01000002116 | ||
| 049 | _aCG | ||
| 050 | 4 |
_aHM101 _bI4.38 1977 |
|
| 100 | 1 |
_aIllich, Ivan, _d1926-2002 _928560 |
|
| 245 | 1 | 0 |
_aAlternativas / _cIvan D. Illich ; tr. Ernesto Mayans. |
| 250 | _a2a ed. | ||
| 260 |
_aMéxico : _bJ. Mortiz, _c1977 (1986 impr.). |
||
| 300 | _a185 p. | ||
| 650 | 4 |
_aIGLESIA CATOLICA EN AMERICA LATINA - _vDISCURSOS, ENSAYOS, CONFERENCIAS, ETC. |
|
| 650 | 4 |
_aEducación _9682 |
|
| 650 | 4 |
_aCambio social _94887 |
|
| 905 | _aLibro | ||
| 999 |
_c2116 _d2116 |
||